| 000 | 00543nam a2200181 a 4500 | ||
|---|---|---|---|
| 001 | 0365 | ||
| 005 | 20140414131928.0 | ||
| 008 | 040910s19uu xx 00 eng d | ||
| 020 | _a0-590-42026-7 | ||
| 050 |
_aER _bIm1 1985 |
||
| 100 | _aSmall, David | ||
| 245 |
_aImogene's antlers / _cby David Small. |
||
| 260 |
_aNew York : _bScholastic, _c1985. |
||
| 300 | _a1 v. p. : ill. ; cm. | ||
| 520 | _aHow would you feel if you woke up and found that you have grown antlers during the night? | ||
| 650 | _aChildren stories. | ||
| 999 |
_c112132 _d112132 |
||